Statistics for Characters in Super Mario Galaxy

Click here to take the quiz!

General Stats

  • This quiz has been taken 144 times
  • The average score is 10 of 50

Answer Stats

Hint Answer % Correct
Mario
98%
Luigi
91%
Bowser
87%
Rosalina
84%
Peach
83%
Toad
65%
Luma
65%
Bowser Jr
64%
Goomba
48%
Boo
40%
Koopa Troopa
38%
Dino Piranha
22%
Honey Queen
17%
King Kaliente
15%
Magikoopa
15%
Piranha Plant
14%
Bullet Bill
13%
Dry Bones
13%
Kamella
11%
Bee Mario
10%
Megaleg
10%
Fire Mario
9%
Boo Mario
8%
Ice Mario
8%
Bouldergeist
8%
Lakitu
5%
Spring Mario
5%
Topmaniac
4%
Fiery Dino Piranha
4%
Mailtoad
4%
Hammer Bro
4%
Guppy
4%
Rainbow Mario
4%
Thwomp
3%
Kingfin
3%
Tarantox
3%
Banzai Bill
3%
Polaris
2%
Pokey
1%
White Rabbit
1%
Prickly Piranha Plant
1%
Grand Goomba
1%
Goombeetle
1%
Coach Penguin
0%
Amp
0%
Torpedo Ted
0%
Short Goomba
0%
Rocky Wrench
0%
Micro Topman
0%
Red Topman
0%

Score Distribution

Percentile by Number Answered

Percent of People with Each Score

Your Score History

You have not taken this quiz